• 首页
  • 本馆介绍
  • 公告通知
  • 最新文献
  • 馆藏检索
  • 电子资源
  • 读者导购
  • 参考咨询
  • 我的图书馆
  • 登录
  • 详细信息显示
  • 放入我的书架
  • 预约/预借图书
  • 作者相关作品
  • 分类相关作品
  • 丛书相关作品
  • 出版社相关作品

书目信息

  • 表格格式
  • 工作单格式
  • 卡片格式
题名:
生物基化学纤维生产及应用
    
 
作者: 任杰 主编
分册:  
出版信息: 北京   中国纺织出版社  2018.06
页数: 371页
开本: 26cm
丛书名:
单 册:
中图分类: TQ340.6 , TQ34
科图分类:
主题词: 生物材料--化学纤维--生产工艺--高等教育--教材
电子资源:
ISBN: 978-7-5180-5090-1
000 01060nam0 2200265 450
001 203
005 20180921135600.85
010    @a978-7-5180-5090-1@dCNY98.00
100    @a20180819d2018 em y0chiy50 ea
101 0  @achi
102    @aCN@b110000
105    @aa z 000yy
200 1  @a生物基化学纤维生产及应用@9sheng wu ji hua xue xian wei sheng chan ji ying yong@f任杰主编
210    @a北京@c中国纺织出版社@d2018.06
215    @a371页@c图@d26cm
300    @a“十三五”普通高等教育本科部委级规划教材 化纤专业开放教育系列教材/端小平主编
300    @a中国化学纤维工业协会·恒逸基金 中国化学纤维工业协会·绿宇基金
304    @a中国化学纤维工业协会组织编写
330    @a本书内容主要包括聚乳酸纤维、纤维素纤维、壳聚糖纤维、海藻纤维、醋酸纤维、生物基聚酰胺纤维、PTT纤维、蛋白改性纤维的分类、基础知识、制备原理、生产工艺、结构、性能与应用以及发展前景。
606 0  @a生物材料@x化学纤维@x生产工艺@x高等教育@j教材
690    @aTQ340.6@v5
690    @aTQ34@v4
701  0 @a任杰@9ren jie@4主编
801  0 @aCN@b91MARC@c20180819
905    @aMuseLib@dTQ34@e25
    
    生物基化学纤维生产及应用/任杰主编.-北京:中国纺织出版社,2018.06
    371页:图;26cm
    “十三五”普通高等教育本科部委级规划教材 化纤专业开放教育系列教材/端小平主编.-中国化学纤维工业协会·恒逸基金 中国化学纤维工业协会·绿宇基金
    
    ISBN 978-7-5180-5090-1:CNY98.00
    本书内容主要包括聚乳酸纤维、纤维素纤维、壳聚糖纤维、海藻纤维、醋酸纤维、生物基聚酰胺纤维、PTT纤维、蛋白改性纤维的分类、基础知识、制备原理、生产工艺、结构、性能与应用以及发展前景。
●
相关链接 在E读中查询图书 在五车中查询图书 在当当中查询图书 在豆瓣中查询图书


正题名:生物基化学纤维生产及应用     索取号:TQ34/25         预约/预借

序号 登录号 条形码 馆藏地/架位号 状态 备注
1 1118749   211187491   第二样本阅览室/ [索取号:TQ34/25] 在馆    
2 1118750   211187507   第三借阅区/ [索取号:TQ34/25] 在馆    
3 1118751   211187516   第三借阅区/ [索取号:TQ34/25] 在馆    
4 1118752   211187525   第三借阅区/ [索取号:TQ34/25] 在馆    
5 1118753   211187534   第三借阅区/ [索取号:TQ34/25] 在馆    
唐山师范学院图书馆 欢迎您!
大连网信软件有限公司© 版权所有